000 00646nam a2200229Ia 4500
003 OSt
005 20221007080813.0
006 a|||||r|||| 00| 0
007 ta
008 221006b |||||||| |||| 00| 0 eng d
024 _a14,361
037 _cTextual
040 _aFLL
_cFLL
_beng
041 _2eng
_aeng
082 _aX:54.1(Y1:4).N5, K9
100 _aVerbit G.P. Au.
_9695560
245 0 _aTrade agreements for developing countries
260 _aNew York
_bColumbia university press U.S.A.
_c1969
300 _a249p
_ccm.
942 _hX:54.1(Y1:4).N5, K9
_cTEXL
_2CC
999 _c1160951
_d1160951